000 00609nam a2200229Ia 4500
003 OSt
005 20221006164841.0
006 a|||||r|||| 00| 0
007 ta
008 221006b |||||||| |||| 00| 0 eng d
024 _a6,835
037 _cTextual
040 _aFML
_cFML
_beng
041 _2eng
_aeng
082 _aNS42, K4
100 _aAraki James T Au.
_9678480
245 0 _aBallad Drama Of Medieval Japan
260 _aCalifornia
_bCalifornia University U.S.A.
_c1964
300 _a289
_ccm.
942 _hNS42, K4
_cTEXL
_2CC
999 _c1118693
_d1118693